|
|
|
|
| LEADER |
00000nab a2200000 a 4500 |
| 001 |
vtls009522161 |
| 003 |
SK-MaSNL |
| 005 |
20260318141007.0 |
| 008 |
090605c2009 xo wr p 000 c0ukr |
| 015 |
|
|
|a SNBRB2009/06
|
| 038 |
|
|
|a SVKPOCL
|
| 040 |
|
|
|a SVKPOCL
|b slo
|c SVKPOCL
|e AACR2
|
| 041 |
0 |
|
|a ukr
|
| 044 |
|
|
|a xo
|c SK
|
| 080 |
|
|
|a 373.5.011.3-051
|2 2001
|
| 080 |
|
|
|a 07.4-051
|2 2001
|
| 080 |
|
|
|a 77.03/.08-027.562-051
|2 2001
|
| 080 |
|
|
|a 929 Hirjak, Vasiľ
|2 2001
|
| 245 |
0 |
0 |
|a Vasyl' Hyrjak
|
| 300 |
|
|
|b Fotogr.
|
| 600 |
1 |
7 |
|a Hirjak, Vasiľ,
|d 1937-2009
|2 svkpocl
|9 111731
|
| 650 |
0 |
7 |
|a stredoškolskí učitelia
|2 svkpocl
|9 4274
|
| 650 |
0 |
7 |
|a publicisti
|2 svkpocl
|9 63929
|
| 650 |
0 |
7 |
|a amatérski fotografi
|2 svkpocl
|9 59505
|
| 650 |
0 |
7 |
|a osobnosti
|2 SNKPH
|9 29820
|
| 650 |
0 |
7 |
|a rodisko
|2 SNKPH
|9 172657
|
| 651 |
|
7 |
|a Pichne (Slovensko)
|2 snkbucl
|9 51178
|
| 651 |
|
7 |
|a Snina (Slovensko)
|2 snkbucl
|9 17361
|
| 651 |
|
7 |
|a Snina (Slovensko : okres)
|2 svkpocl
|9 56337
|
| 655 |
|
7 |
|a nekrológy
|2 svkpocl
|9 402542
|
| 773 |
0 |
|
|t Nove žyttja
|g Roč. 59, č. 1-4 (2009), s. 3
|
| 852 |
|
|
|a SVKPO
|b KIS3GCP
|
| 958 |
|
|
|a UK
|
| 958 |
|
|
|a SK
|
| 958 |
|
|
|a RN
|
| 958 |
|
|
|a BX
|
| 999 |
|
|
|c 2052264
|d 2054194
|